Alle Warrior Cats Anführer - Statistics

General Stats
  • This quiz has been taken 6 times
  • The average score is 28 of 86
Answer Stats
Charakter % Correct
Abendstern
100%
Blaustern
100%
Braunstern
100%
Brombeerstern
100%
Donnerstern
100%
Eichhornstern
100%
Feuerstern
100%
Kiefernstern
100%
Kurzstern
100%
Leopardenstern
100%
Nachtstern
100%
Nebelstern
100%
Nebelstern
100%
Riesenstern
100%
Schattenstern
100%
Schwarzstern
100%
Streifenstern
100%
Tigerstern
100%
Tigerstern
100%
Blattstern
50%
Eichenstern
50%
Eisstern
50%
Eschenstern
50%
Eschenstern
50%
Fetzenstern
50%
Flussstern
50%
Hasenstern
50%
Hasenstern
50%
Heidestern
50%
Jubelstern
50%
Lilienstern
50%
Rehstern
50%
Windstern
50%
Wolkenhimmel
50%
Wolkenstern
50%
Zedernstern
50%
Abenstern
0%
Ahornstern
0%
Aschenstern
0%
Birkenstern
0%
Birkenstern
0%
Blitzstern
0%
Blütenstern
0%
Buchenstern
0%
Bussardstern
0%
Dämmerstern
0%
Dunkelstern
0%
Efeustern
0%
Eulenstern
0%
Falbstern
0%
Federstern
0%
Fenchelstern
0%
Finkenstern
0%
Fleckenstern
0%
Fliegenstern
0%
Gelbstern
0%
Gewitterstern
0%
Gimpelstern
0%
Ginsterstern
0%
Ginsterstern
0%
Grasstern
0%
Habichtstern
0%
Haselstern
0%
Hellstern
0%
Holunderstern
0%
Hundestern
0%
Klauenstern
0%
Lachsstern
0%
Lichtbart
0%
Löwenstern
0%
Luftstern
0%
Morgenstern
0%
Morgenstern
0%
Mottenpelz
0%
Rabenstern
0%
Rebenstern
0%
Rieselstern
0%
Rotstern
0%
Schilfstern
0%
Schneestern
0%
Spinnenstern
0%
Spritzschweif
0%
Steinstern
0%
Taubenstern
0%
Weidenstern
0%
Wühlmausstern
0%
No matching quizzes found
Score Distribution
Percent of People with Each Score
Percentile by Number Answered
Your Score History
You have not taken this quiz